000 00265nam a2200097Ia 4500
001 1215182
005 20250827024546.0
008 250824s9999 xx 000 0 und d
245 0 _aKONYANIN KIRK GİYİMİ
_cEMİNE KARPUZ EMİNE ESİRGENLER
260 _bKÜLTÜR A.Ş
999 _c1215182
_d1215182